[Event "Madras zt (Women)"]
[Site "Madras"]
[Date "1995.??.??"]
[Round "7"]
[White "Amarawickrama, N."]
[Black "Shirazi, J."]
[Result "0-1"]
[WhiteElo "2000"]
[BlackElo "2000"]
[PlyCount "74"]
[EventDate "1995.??.??"]
[EventType "tourn"]
[EventRounds "9"]
[EventCountry "IND"]
[SourceTitle "EXT 1997"]
[Source "ChessBase"]
[SourceDate "1996.11.15"]
[SourceVersion "1"]
[SourceVersionDate "1996.11.15"]
[SourceQuality "1"]

1. d4 Nf6 2. c4 e6 3. Nc3 Bb4 4. e3 d5 5. cxd5 exd5 6. Bd3 0-0 7. Nge2 Qd6 8. Ng3 Re8 9. 0-0 c6 10. Qc2 Be6 11. e4 Nxe4 12. Ncxe4 dxe4 13. Bxe4 h6 14. Rd1 Nd7 15. Be3 Nf6 16. Nf5 Qd7 17. Bd3 Nd5 18. a3 Ba5 19. b4 Bc7 20. Re1 a5 21. Rab1 axb4 22. axb4 Nxe3 23. Nxe3 Qxd4 24. Red1 Qe5 25. g3 Ra2 26. Qc5 Qf6 27. Nc2 g6 28. b5 Bd5 29. f4 Qd6 30. Qxd6 Bxd6 31. bxc6 Bxc6 32. Nb4 Rg2+ 33. Kf1 Bxb4 34. Rxb4 Rxh2 35. Bb5 Rh1+ 36. Kf2 Rxd1 37. Bxc6 bxc6 0-1